[Event "JI GADIJ"]
[Site "SchemingMind.com"]
[Date "2021.09.02"]
[Round "-"]
[White "ray winteringham"]
[Black "Phillip Beckett"]
[Result "1-0"]
[WhiteCountry "ENG"]
[BlackCountry "ENG"]
[WhiteElo "1506"]
[WhiteRD "50"]
[BlackElo "1426"]
[BlackRD "56"]
[GameID "714914"]

1. Nf3 Nf6 2. Nc3 e6 3. d4 d5 4. Bf4 c5 5. e3 Nc6 6. Bb5 a6 7. Bxc6+ bxc6 8. h3 Bd6 9. Ne5 Bxe5 10. Bxe5 cxd4
11. Qxd4 Qe7 12. O-O O-O 13. Bxf6 Qxf6 14. Qxf6 gxf6 15. Ne2 Rb8 16. b3 a5 17. Nd4 Bd7 18. c3 c5 19. Nf3 Bb5 20. Rfe1 c4
21. Nd4 Ba6 22. Nc6 Rb6 23. Nd4 cxb3 24. axb3 Kg7 25. Rxa5 Bd3 26. b4 Rfb8 27. Rd1 Bb5 28. f4 Bc4 29. g3 f5 30. Rc1 Kf6
31. g4 fxg4 32. hxg4 h6 33. Kf2 Rg8 34. Rg1 Ke7 35. Rc5 f5 36. gxf5 Rxg1 37. Kxg1 exf5 38. Nxf5+ Kf6 39. Nxh6 Kg6 40. Ng4 Kf5
41. Ne5
1-0

[Event "JI GADIJ"]
[Site "SchemingMind.com"]
[Date "2021.09.02"]
[Round "-"]
[White "Phillip Beckett"]
[Black "JAHI"]
[Result "0-1"]
[WhiteCountry "ENG"]
[BlackCountry "INT"]
[WhiteElo "1493"]
[WhiteRD "52"]
[BlackElo "1995"]
[BlackRD "72"]
[GameID "714915"]

1. e4 d6 2. d4 g6 3. Nf3 Bg4 4. Be2 Bxf3 5. Bxf3 Bg7 6. Nc3 Nd7 7. O-O h6 8. Be3 h5 9. Qd2 Nh6 10. Rad1 Kf8
11. Rfe1 Kg8 12. h3 Qf8 13. g3 Re8 14. Bg2 Rh7 15. f4 Kh8 16. e5 c6 17. Ne4 f6 18. exf6 exf6 19. Nc3 d5 20. Bf2 Rxe1+=
21. Rxe1 f5 22. Qe2 Nf6 23. Qe7 Ne4 24. Nxe4 Qxe7 25. Ng5 Qf8 26. Re6 Nf7 27. Nxf7+ Qxf7
0-1

[Event "JI GADIJ"]
[Site "SchemingMind.com"]
[Date "2021.09.03"]
[Round "-"]
[White "Phillip Beckett"]
[Black "Daniel Dubé"]
[Result "0-1"]
[WhiteCountry "ENG"]
[BlackCountry "CAN"]
[WhiteElo "1439"]
[WhiteRD "56"]
[BlackElo "1589"]
[BlackRD "61"]
[GameID "714916"]

1. e4 c5 2. Nf3 d6 3. d4 cxd4 4. Nxd4 Nf6 5. Nc3 g6 6. Be3 Bg7 7. f3 O-O 8. Qd2 Nc6 9. O-O-O Bd7 10. Nxc6 bxc6
11. Bh6 Rb8 12. Bxg7 Kxg7 13. Bc4 Qb6 14. Bb3 c5 15. Nd5 Nxd5 16. Qxd5 Be6 17. Qd2 c4 18. Qc3+ Kg8 19. Ba4 Qb4 20. Qxb4 Rxb4
21. b3 cxb3 22. Bxb3 Bxb3 23. cxb3 a5 24. Kb2 a4 25. Rd3 axb3 26. Rxb3 Rfb8 27. Rc1 Rxb3+ 28. axb3 Kg7 29. Rc7 Kf6 30. g4 Rb5
31. h4 h5 32. g5+ Ke6 33. f4 d5 34. exd5+ Kf5 35. Rxe7 Kxf4 36. Rxf7+ Kg4 37. Rf6 Kxh4 38. d6 Kxg5 39. Re6 h4 40. d7 Rd5
41. Re7 Kh6 42. Re4 g5 43. Re5 Rxd7 44. Re1 g4 45. Re4 Kg5 46. b4 g3 47. b5 g2 48. Re1 h3 49. Rg1 Kg4
0-1

[Event "JI GADIJ"]
[Site "SchemingMind.com"]
[Date "2021.09.02"]
[Round "-"]
[White "Arnold Jones"]
[Black "Phillip Beckett"]
[Result "0-1"]
[WhiteCountry "ENG"]
[BlackCountry "ENG"]
[WhiteElo "1524"]
[WhiteRD "58"]
[BlackElo "1426"]
[BlackRD "56"]
[GameID "714917"]

1. d4 d5 2. Nf3 Nf6 3. Bf4 e6 4. Nbd2 c5 5. dxc5 Bxc5 6. Nb3 Bd6 7. Bg5 Be7 8. Bxf6 Bxf6 9. c3 O-O 10. Qc2 Nc6
11. O-O-O Bd7 12. e3 Rc8 13. Nc5 Be8 14. Nxb7 Qc7 15. Nc5 Na5 16. Na6 Qb6 17. b4 Nc6 18. Nc5 Nxb4 19. Qb3 Qxc5 20. c4 dxc4
21. Bxc4 Qxc4+ 22. Qxc4 Rxc4+ 23. Kb1 Ba4 24. Nd4 Rb8 25. Nb3 Bxb3 26. axb3 Rc2 27. Rd7 Rb2+ 28. Kc1 Rc2+ 29. Kb1 Rb2+ 30. Kc1 Rc8+
31. Kd1 Rcc2
0-1

[Event "JI GADIJ"]
[Site "SchemingMind.com"]
[Date "2021.09.02"]
[Round "-"]
[White "Phillip Beckett"]
[Black "carra1971"]
[Result "0-1"]
[WhiteCountry "ENG"]
[BlackCountry "CUB"]
[WhiteElo "1426"]
[WhiteRD "56"]
[BlackElo "2140"]
[BlackRD "94"]
[GameID "714918"]

1. e4 c5 2. Nf3 Nc6 3. d4 cxd4 4. Nxd4 Nf6 5. Nc3 e5 6. Ndb5 d6 7. Bg5 a6 8. Na3 b5 9. Nd5 Be7 10. Bxf6 Bxf6
11. c3 Rb8 12. Nc2 Bg5 13. Nce3 O-O 14. h4 Bxe3 15. Nxe3 Be6 16. f3 Qb6 17. Nd5 Bxd5 18. Qxd5 b4 19. c4 Qe3+ 20. Kd1 Nd4
21. b3 a5 22. c5 dxc5 23. Qxc5 Rfd8
0-1

[Event "JI GADIJ"]
[Site "SchemingMind.com"]
[Date "2021.09.02"]
[Round "-"]
[White "Kenny Elliott"]
[Black "krzysztof"]
[Result "0-1"]
[WhiteCountry "USA"]
[BlackCountry "POL"]
[WhiteElo "1507"]
[WhiteRD "70"]
[BlackElo "1577"]
[BlackRD "79"]
[GameID "714919"]

1. d4 d5 2. Nf3 Nc6 3. Nc3 Bf5 4. Bf4 e6 5. a3 Nf6 6. Nb5 Bd6 7. Nxd6+ cxd6 8. Bg5 h6 9. Bxf6 Qxf6 10. e3 Be4
11. Nd2 Bg6 12. Bb5 a6 13. Bxc6+ bxc6 14. O-O Bf5 15. c4 Bd3 16. Re1 Bxc4 17. Nxc4 dxc4 18. Qa4 O-O 19. Qxc6 d5 20. Qa4 Rfc8
21. Rac1 Rab8 22. Re2 e5 23. dxe5 Qxe5 24. Qc2 Rc6 25. Qd1 Rb3 26. Rd2 Rc5 27. Rxc4 Rxc4 28. Rxd5 Qxb2 29. Rd8+ Kh7 30. Qxb3 Qxb3
0-1

[Event "JI GADIJ"]
[Site "SchemingMind.com"]
[Date "2021.09.02"]
[Round "-"]
[White "Phillip Beckett"]
[Black "krzysztof"]
[Result "1-0"]
[WhiteCountry "ENG"]
[BlackCountry "POL"]
[WhiteElo "1426"]
[WhiteRD "56"]
[BlackElo "1577"]
[BlackRD "79"]
[GameID "714920"]

1. e4 e5 2. Nf3 Nc6 3. Bb5 d6 4. d4 exd4 5. Nxd4 Bd7 6. Nxc6 Bxc6 7. Qd5 Ne7 8. Bxc6+ Nxc6 9. Nc3 f6 10. Qe6+ Qe7
11. Qxe7+ Bxe7 12. Be3 a6 13. O-O Ne5 14. Rad1 Nc4 15. Bc1 c6 16. b3 Ne5 17. f4 Nf7 18. Ba3 Rd8 19. Na4 O-O 20. c4 Nh6
21. Nb2 f5 22. e5 c5 23. exd6 Bxd6 24. Nd3 b6 25. Ne5 Bxe5 26. fxe5 Rd4 27. Rxd4 cxd4 28. Bxf8 Kxf8 29. Rd1 Nf7 30. Rxd4 g6
31. e6 Ng5 32. Rd6 Ke7 33. Rxb6 Nxe6 34. Rxe6+ Kxe6 35. Kf2 Ke5 36. Ke3 Kd6 37. Kf4 Kc5 38. a3 a5 39. Kg5 a4 40. b4+ Kxc4
41. Kh6 Kb3 42. b5 Kxa3 43. b6 Kb2 44. b7 a3 45. b8=Q+
1-0

[Event "JI GADIJ"]
[Site "SchemingMind.com"]
[Date "2021.09.02"]
[Round "-"]
[White "krzysztof"]
[Black "ray winteringham"]
[Result "1-0"]
[WhiteCountry "POL"]
[BlackCountry "ENG"]
[WhiteElo "1577"]
[WhiteRD "79"]
[BlackElo "1506"]
[BlackRD "50"]
[GameID "714921"]

1. e4 g6 2. d4 Bg7 3. e5 d5 4. c4 e6 5. c5 c6 6. b4 Bd7 7. Nh3 Ne7 8. Bg5 O-O 9. Nf4 b5 10. h4 a5
11. a3 axb4 12. Nd2 bxa3 13. h5 Bh8 14. Bd3 f6 15. Bh6 Rf7 16. hxg6 hxg6 17. Nxg6 f5 18. Nxh8 Kxh8 19. Qh5 Kg8 20. Qg5+
1-0

[Event "JI GADIJ"]
[Site "SchemingMind.com"]
[Date "2021.09.02"]
[Round "-"]
[White "JAHI"]
[Black "krzysztof"]
[Result "1-0"]
[WhiteCountry "INT"]
[BlackCountry "POL"]
[WhiteElo "1995"]
[WhiteRD "72"]
[BlackElo "1514"]
[BlackRD "80"]
[GameID "714922"]

1. c3 e5 2. c4 c5 3. Nc3 Nc6 4. g3 d5 5. cxd5 Nce7 6. Bg2 f5 7. d3 Nf6 8. Bg5 h6 9. Bxf6 gxf6 10. e3 h5
11. Bf3 h4 12. Bh5+ Kd7 13. d4 Qa5 14. dxe5 fxe5 15. Be2 Kd8 16. gxh4 Bd7 17. Nf3 Bg7 18. Rg1 Rg8 19. d6 Nc6 20. Qb3 Ne7
21. Qf7 Nc6 22. Qxg8+ Be8 23. Rxg7 e4 24. d7 Ne7 25. dxe8=Q+ Kc7 26. Qxe7+ Kb6 27. Qxb7#
1-0

[Event "JI GADIJ"]
[Site "SchemingMind.com"]
[Date "2021.09.03"]
[Round "-"]
[White "Daniel Dubé"]
[Black "krzysztof"]
[Result "1-0"]
[WhiteCountry "CAN"]
[BlackCountry "POL"]
[WhiteElo "1572"]
[WhiteRD "58"]
[BlackElo "1514"]
[BlackRD "80"]
[GameID "714923"]

1. d4 d5 2. c4 dxc4 3. e4 b5 4. a4 Ba6 5. axb5 Bxb5 6. Bxc4 c6 7. Bxb5 cxb5 8. Nf3 e6 9. O-O Bb4 10. Bd2 Bd6
11. Nc3 b4 12. Nb5 Qb6 13. Nxd6+ Qxd6 14. Qb3 a5 15. e5 Qb6 16. Qa4+ Nd7 17. Rfc1 Ne7 18. Be3 Rd8 19. d5 O-O 20. Bxb6 Nxb6
21. Qxa5 Nbxd5 22. Qb5 f6 23. exf6 Rxf6 24. Ne5 g5 25. Nc6 Rdf8 26. Nxe7+ Nxe7 27. Rf1 Nd5 28. Ra7 g4 29. Rd7 g3 30. Qb7 gxh2+
31. Kh1 Rg6 32. Rxh7 Nf6 33. Rxh2 Rf7 34. Qc8+ Kg7 35. Qh8#
1-0

[Event "JI GADIJ"]
[Site "SchemingMind.com"]
[Date "2021.09.02"]
[Round "-"]
[White "krzysztof"]
[Black "Arnold Jones"]
[Result "1-0"]
[WhiteCountry "POL"]
[BlackCountry "ENG"]
[WhiteElo "1577"]
[WhiteRD "79"]
[BlackElo "1524"]
[BlackRD "58"]
[GameID "714924"]

1. e4 c5 2. c4 Nc6 3. a3 Nf6 4. Nc3 e6 5. Nf3 d5 6. cxd5 exd5 7. e5 Ne4 8. d3 Nxc3 9. bxc3 Be6 10. d4 Be7
11. h4 Qc7 12. Bg5 f6 13. Bf4 Qa5 14. Bd2 c4 15. a4 Qc7 16. Bf4 Qd7 17. exf6 gxf6 18. Nh2 O-O-O 19. g3 h5 20. Bg2 Bg4
21. f3 Be6 22. Nf1 Bd6 23. Bxd6 Qxd6 24. f4 Bg4 25. Qd2 Rhe8+ 26. Ne3 f5 27. O-O Ne7 28. Rfb1 Rd7 29. Rb5 a6 30. Rb2 Kc7
31. a5 Kd8 32. Rb6 Qc7 33. Qb2 Kc8 34. Re1 Kb8 35. Rxa6 Qd8 36. Rb6 Nc8 37. Rb5 Ne7 38. a6 Ka7 39. Ra1 b6 40. Rxb6 Qxb6
41. Qxb6+ Kxb6 42. a7 Rxa7 43. Re1 Rd8 44. Nxg4 Rg8 45. Re6+ Kc7 46. Rxe7+ Kb6 47. Rxa7 Rxg4 48. Rf7 Rxg3 49. Rxf5 Rxc3 50. Rxd5 Rc1+
51. Kh2 c3 52. Be4 Re1 53. Re5 Re3 54. Kg2 Re2+ 55. Kf3 Rd2 56. Rc5 Rxd4 57. Rxc3
1-0

[Event "JI GADIJ"]
[Site "SchemingMind.com"]
[Date "2021.09.03"]
[Round "-"]
[White "carra1971"]
[Black "krzysztof"]
[Result "1-0"]
[WhiteCountry "CUB"]
[BlackCountry "POL"]
[WhiteElo "2140"]
[WhiteRD "94"]
[BlackElo "1577"]
[BlackRD "79"]
[GameID "714925"]

1. e4 e5 2. Nf3 Nc6 3. d4 exd4 4. Nxd4 Bc5 5. Be3 d6 6. Nxc6 bxc6 7. Bxc5 dxc5 8. Qxd8+ Kxd8 9. Nd2 Be6 10. Bc4 Ke7
11. Bxe6 Kxe6 12. O-O-O Nf6 13. Nb3 c4 14. Nc5+ Ke7 15. Rd4 Rad8 16. Rxc4 Ng4 17. h3 Ne5 18. Ra4 Ra8 19. Na6 Rhc8 20. f4 Ng6
21. g3 f6 22. Rc4 Nf8 23. Rxc6 Ne6 24. Rd1 g6 25. Nb4 Nf8 26. Nd5+ Kf7 27. Rxf6+ Kg7 28. Rc6 a6 29. e5 Ra7 30. c4 Nd7
31. Ne7 Rd8 32. e6 Raa8 33. Rxd7 Rxd7 34. exd7 Rd8 35. Rxc7 Kf6 36. Nc6 Rxd7 37. Rxd7 h5 38. Nd4
1-0

[Event "JI GADIJ"]
[Site "SchemingMind.com"]
[Date "2021.09.02"]
[Round "-"]
[White "Kenny Elliott"]
[Black "ray winteringham"]
[Result "1-0"]
[WhiteCountry "USA"]
[BlackCountry "ENG"]
[WhiteElo "1549"]
[WhiteRD "66"]
[BlackElo "1451"]
[BlackRD "49"]
[GameID "714926"]

1. d4 d5 2. Nf3 h6 3. Nc3 e6 4. a3 Bd6 5. e4 dxe4 6. Nxe4 Bd7 7. Nxd6+ cxd6 8. Bf4 Bc6 9. Be2 Nf6 10. O-O Qe7
11. c4 O-O 12. Qd2 Ne4 13. Qe3 f5 14. Bxh6 gxh6 15. Qxh6 Rf6 16. Qc1 Rg6 17. g3 d5 18. Ne5 Rg7 19. Kg2 dxc4 20. Bxc4 Nd2+
21. Nxc6 Nxc6 22. Qxd2 Kh7 23. Rae1 Rg6 24. Qf4 Re8 25. Bb5 Rc8 26. Bxc6 Rxc6 27. d5 Rd6 28. Re3 Rg4 29. Qxf5+ exf5 30. Rxe7+ Kg6
31. Rxb7 a6 32. Re1 Re4 33. Rxe4 fxe4 34. Re7 Kf5 35. Rf7+ Kg6 36. Rf4 e3 37. fxe3 Rxd5 38. e4 Rd2+ 39. Kh3 Rxb2 40. e5 Rb6
41. Kg4 a5 42. h4 Re6 43. h5+ Kh6 44. Rf6+ Rxf6 45. exf6 Kh7 46. f7 Kg7 47. f8=Q+ Kxf8 48. h6 Kg8 49. Kg5 Kh7 50. g4 a4
51. Kh5 Kh8 52. g5 Kh7 53. g6+ Kh8 54. h7 Kg7 55. h8=Q+ Kxh8 56. Kh6 Kg8 57. g7
1-0

[Event "JI GADIJ"]
[Site "SchemingMind.com"]
[Date "2021.09.02"]
[Round "-"]
[White "JAHI"]
[Black "ray winteringham"]
[Result "1-0"]
[WhiteCountry "INT"]
[BlackCountry "ENG"]
[WhiteElo "1995"]
[WhiteRD "72"]
[BlackElo "1451"]
[BlackRD "49"]
[GameID "714927"]

1. c3 Nf6 2. c4 e6 3. Nc3 g6 4. h3 Bg7 5. h4 h5 6. d3 b6 7. Bg5 Bb7 8. e3 O-O 9. Nh3 Qc8 10. Bxf6 Bxf6
11. Nf4 Nc6 12. Be2 Ne7 13. Kf1 Bg7 14. Qc2 c6 15. Re1 c5 16. Kg1 Qc6 17. Bf3 Qc8 18. Bxb7 Qxb7 19. Rh3 Kh8 20. Kh1 f5
21. Rg1 Qc7 22. f3 Qe5 23. Qe2 Qf6 24. g3 Kg8 25. g4 Kf7 26. gxh5 Ke8 27. hxg6 Bh6 28. Nh5 Qe5 29. f4 Qc7 30. g7 Rg8
31. Nf6+ Kf7 32. Nxg8 Nxg8 33. Qh5+ Ke7 34. Rg6 Qc6+ 35. Kh2 Qd6 36. Nd5+ Kd8 37. Rxh6 Qe7 38. Nxe7
1-0

[Event "JI GADIJ"]
[Site "SchemingMind.com"]
[Date "2021.09.03"]
[Round "-"]
[White "Daniel Dubé"]
[Black "ray winteringham"]
[Result "1-0"]
[WhiteCountry "CAN"]
[BlackCountry "ENG"]
[WhiteElo "1572"]
[WhiteRD "58"]
[BlackElo "1451"]
[BlackRD "49"]
[GameID "714928"]

1. d4 d5 2. c4 e6 3. Nc3 h6 4. cxd5 exd5 5. Bf4 a6 6. e3 Nf6 7. Qc2 c6 8. Bd3 Bb4 9. Ne2 Bg4 10. O-O Nbd7
11. a3 Ba5 12. b4 Bc7 13. Bxc7 Qxc7 14. f3 Be6 15. e4 dxe4 16. fxe4 Ng4 17. e5 Ne3 18. Qd2 Nxf1 19. Rxf1 O-O-O 20. Rc1 Kb8
21. b5 cxb5 22. Nxb5 Qb6 23. Nbc3 Nxe5 24. Be4 Ka7 25. Rb1 Nc4 26. Qd3 Qa5 27. Rxb7+
1-0

[Event "JI GADIJ"]
[Site "SchemingMind.com"]
[Date "2021.09.02"]
[Round "-"]
[White "ray winteringham"]
[Black "Arnold Jones"]
[Result "0-1"]
[WhiteCountry "ENG"]
[BlackCountry "ENG"]
[WhiteElo "1506"]
[WhiteRD "50"]
[BlackElo "1524"]
[BlackRD "58"]
[GameID "714929"]

1. g3 e5 2. e4 Bc5 3. Bg2 Nf6 4. d3 Nc6 5. Nf3 d6 6. Bg5 h6 7. Bxf6 Qxf6 8. a3 Bg4 9. Nbd2 O-O-O 10. Qc1 Bxf3
11. Nxf3 Nd4 12. Qd1 Kb8 13. O-O Nxf3+ 14. Qxf3 Qxf3 15. Bxf3 h5 16. b4 Bd4 17. Rab1 g5 18. c4 g4 19. Bg2 Rdf8 20. Kh1 h4
21. Kg1 hxg3 22. hxg3 Kc8 23. Rfd1 b6 24. Kf1 Rh2 25. f3 gxf3
0-1

[Event "JI GADIJ"]
[Site "SchemingMind.com"]
[Date "2021.09.03"]
[Round "-"]
[White "carra1971"]
[Black "ray winteringham"]
[Result "1-0"]
[WhiteCountry "CUB"]
[BlackCountry "ENG"]
[WhiteElo "2140"]
[WhiteRD "94"]
[BlackElo "1506"]
[BlackRD "50"]
[GameID "714930"]

1. e4 d6 2. d4 e6 3. Nf3 g6 4. Nc3 Bg7 5. Be3 b6 6. Qd2 Ne7 7. O-O-O Bb7 8. d5 e5 9. h4 c5 10. dxc6 Nbxc6
11. h5 Qc7 12. Nb5 Qd7 13. Nxd6+ Kf8 14. h6 Bf6 15. Nxb7 Qxb7 16. Qd6 Bg7 17. hxg7+ Kxg7 18. Bh6+ Kg8 19. Qf6
1-0

[Event "JI GADIJ"]
[Site "SchemingMind.com"]
[Date "2021.09.02"]
[Round "-"]
[White "JAHI"]
[Black "Kenny Elliott"]
[Result "1-0"]
[WhiteCountry "INT"]
[BlackCountry "USA"]
[WhiteElo "1995"]
[WhiteRD "72"]
[BlackElo "1549"]
[BlackRD "66"]
[GameID "714931"]

1. c3 e5 2. c4 c5 3. Nc3 Nc6 4. g3 b6 5. Bg2 Bb7 6. Kf1 Nf6 7. d3 Be7 8. h3 O-O 9. h4 h5 10. Nh3 Ng4
11. f3 Nf6 12. f4 exf4 13. Bxf4 Ng4 14. Nf2 Nxf2 15. Kxf2 Bf6 16. Qd2 d6 17. Rag1 Rb8 18. Nd5 Be5 19. Bf3 Re8 20. Bxh5 Bxf4
21. gxf4 Nd4 22. e3 Bxd5 23. cxd5 Nf5 24. e4 Nd4 25. f5 Qf6 26. Qg5 Qxg5 27. Rxg5 Re5 28. Rhg1 g6 29. fxg6
1-0

[Event "JI GADIJ"]
[Site "SchemingMind.com"]
[Date "2021.09.02"]
[Round "-"]
[White "JAHI"]
[Black "carra1971"]
[Result "0-1"]
[WhiteCountry "INT"]
[BlackCountry "CUB"]
[WhiteElo "2003"]
[WhiteRD "66"]
[BlackElo "2205"]
[BlackRD "88"]
[GameID "714932"]

1. c3 e5 2. c4 Nf6 3. Nc3 Nc6 4. d3 Bc5 5. h3 h6 6. g3 O-O 7. Bg2 Re8 8. h4 d6 9. Nh3 a5 10. Bd2 Ba7
11. Kf1 Bg4 12. f3 Be6 13. e3 d5 14. cxd5= Nxd5 15. Nxd5 Qxd5 16. Nf2 f5 17. f4 Qd6 18. Kg1 Nb4 19. fxe5 Qxe5 20. d4 Qxg3
21. Rh3 Qd6 22. Bxb7 Rad8 23. a3 Nd5 24. Nd3 c6 25. Rc1 Bd7 26. Rf3 Rb8 27. Ba6 Nxe3 28. Bxe3 Rxe3 29. Rxe3 Qxd4 30. Bc4+ Kh7
31. Rc2 Qxe3+ 32. Nf2 Qg3+ 33. Kf1 Rd8 34. Qe2 Be8 35. Rd2 Rxd2 36. Qxd2 Bg6 37. Be6 h5 38. Qc2 f4 39. Bf5 Qxf2+ 40. Qxf2 Bxf2
41. Bxg6+ Kxg6 42. Kxf2 a4 43. Kg2 Kf5 44. Kf3 c5 45. Kf2 Ke4 46. Ke2 f3+ 47. Kd2 Kd4 48. Kd1 Kd3 49. Ke1 Ke3 50. Kf1 f2
51. Kg2 Ke2 52. Kg3 f1=Q 53. b3 Qf3+ 54. Kh2 Kf2 55. bxa4 Qg2#
0-1

[Event "JI GADIJ"]
[Site "SchemingMind.com"]
[Date "2021.09.03"]
[Round "-"]
[White "Daniel Dubé"]
[Black "Kenny Elliott"]
[Result "0-1"]
[WhiteCountry "CAN"]
[BlackCountry "USA"]
[WhiteElo "1547"]
[WhiteRD "57"]
[BlackElo "1507"]
[BlackRD "70"]
[GameID "714933"]

1. d4 d5 2. c4 e6 3. Nf3 Nf6 4. g3 Bb4+ 5. Bd2 Bxd2+ 6. Qxd2 O-O 7. Bg2 Nc6 8. Nc3 b6 9. O-O Bb7 10. b3 Re8
11. Rfe1 Rb8 12. e4 dxc4 13. bxc4 Kh8 14. e5 Nd7 15. d5 exd5 16. cxd5 Ncxe5 17. Nxe5 Nxe5 18. Qf4 Nd3 19. Rxe8+ Qxe8 20. Qh4 Qe5
21. Ne4 Qxa1+
0-1

[Event "JI GADIJ"]
[Site "SchemingMind.com"]
[Date "2021.09.03"]
[Round "-"]
[White "Daniel Dubé"]
[Black "JAHI"]
[Result "0-1"]
[WhiteCountry "CAN"]
[BlackCountry "INT"]
[WhiteElo "1580"]
[WhiteRD "58"]
[BlackElo "2048"]
[BlackRD "65"]
[GameID "714934"]

1. d4 d6 2. e4 g6 3. Nc3 Bg7 4. Be3 h6 5. h3 h5 6. f4 Kf8 7. e5 Nh6 8. Nf3 Kg8 9. Bd3 c6 10. O-O Bf5=
11. a4 Bxd3 12. Qxd3 Nd7 13. a5 Nf8 14. Ne4 Qd7 15. c4 Re8 16. Nfg5 f6 17. e6 Nxe6 18. d5 Nc7 19. Ne6 Nxe6 20. dxe6 Qxe6
21. Rae1 Qf5 22. Qb1 Kh7 23. Bxa7 Qxa5 24. Bf2 Rhf8 25. b4 Qf5 26. Qa2 Ra8 27. Qb3 Qd7 28. Bd4 e6 29. c5 Nf5 30. Rd1 d5
31. Ng3 Nxd4 32. Rxd4 f5 33. Rd2 e5 34. Ne2 e4 35. Nd4 Ra7 36. b5 Rfa8 37. b6 Ra3 38. Qb1 e3 39. Rd3 Bxd4 40. Rxd4 e2
41. Re1 Qe7 42. Rd2 Qe3+ 43. Kh1 Qxd2
0-1

[Event "JI GADIJ"]
[Site "SchemingMind.com"]
[Date "2021.09.03"]
[Round "-"]
[White "Arnold Jones"]
[Black "Daniel Dubé"]
[Result "0-1"]
[WhiteCountry "ENG"]
[BlackCountry "CAN"]
[WhiteElo "1501"]
[WhiteRD "56"]
[BlackElo "1572"]
[BlackRD "58"]
[GameID "714935"]

1. d4 Nf6 2. c4 e6 3. Nc3 Bb4 4. Qc2 d5 5. c5 Ne4 6. Qa4+ Nc6 7. e3 Nxc3 8. bxc3 Bxc3+ 9. Kd1 Bxa1 10. Nf3 O-O
11. Be2 Bd7 12. Qa3 e5 13. Bb2 Bxb2 14. Qxb2 exd4 15. exd4 Re8 16. Bd3 Rb8 17. Qd2 Bg4 18. Qf4 Bxf3+ 19. gxf3 Qf6 20. Qxf6 gxf6
21. Rg1+ Kh8 22. Rg4 Rg8 23. Rh4 Rg7 24. Kd2 b6 25. Rh6 bxc5 26. dxc5 Rb2+ 27. Ke3 Ne5 28. Bf5 Rb4 29. Rxf6 Rc4 30. f4 d4+
31. Ke4 d3+ 32. Kxe5 d2 33. Bg4 Rxg4
0-1

[Event "JI GADIJ"]
[Site "SchemingMind.com"]
[Date "2021.09.03"]
[Round "-"]
[White "Daniel Dubé"]
[Black "carra1971"]
[Result "0-1"]
[WhiteCountry "CAN"]
[BlackCountry "CUB"]
[WhiteElo "1547"]
[WhiteRD "57"]
[BlackElo "2140"]
[BlackRD "94"]
[GameID "714936"]

1. d4 Nf6 2. c4 c5 3. d5 b5 4. cxb5 a6 5. Nc3 axb5 6. e4 b4 7. Nb5 d6 8. a4 g6 9. f3 Bg7 10. Bf4 O-O
11. Qd2 Nbd7 12. Bc4 Nb6 13. b3 Nxc4 14. bxc4 Nh5 15. Bh6 Bxa1
0-1

[Event "JI GADIJ"]
[Site "SchemingMind.com"]
[Date "2021.09.02"]
[Round "-"]
[White "Kenny Elliott"]
[Black "Arnold Jones"]
[Result "1-0"]
[WhiteCountry "USA"]
[BlackCountry "ENG"]
[WhiteElo "1549"]
[WhiteRD "66"]
[BlackElo "1501"]
[BlackRD "56"]
[GameID "714937"]

1. d4 d5 2. Nf3 Nc6 3. Nc3 f6 4. Bf4 g5 5. Bg3 h5 6. Nb5 e5 7. dxe5 f5 8. Nxg5 Qxg5 9. Nxc7+ Kd8 10. Nxa8 Be6
11. f4 Qg4 12. Bf2 Qxf4 13. Bxa7 Nxa7 14. c3 Bc5 15. Qb3 b5 16. a4 Qxe5 17. axb5 Qb8 18. b6 Qxa8 19. b7 Qb8 20. g3 Kc7
21. Bg2 Qxb7 22. Qxb7+ Kxb7 23. O-O-O Nf6 24. Rhf1 Nb5 25. c4 Be3+ 26. Kb1 Nd4 27. cxd5 Nxd5 28. Rd3 Kc6 29. Bxd5+ Kxd5 30. Rxe3 h4
31. Rd1 hxg3 32. hxg3 Re8 33. Red3 Ke4 34. Rxd4+ Ke3 35. R1d2 Kf2 36. b4 Kxg3 37. R2d3+ Kf2 38. Kb2 Kxe2 39. Rd2+ Ke1 40. Kc3 Rc8+
41. Kd3 Rc1 42. Re2+ Kf1 43. Rxe6 Rd1+ 44. Kc4 Rxd4+ 45. Kxd4
1-0

[Event "JI GADIJ"]
[Site "SchemingMind.com"]
[Date "2021.09.02"]
[Round "-"]
[White "JAHI"]
[Black "Arnold Jones"]
[Result "1-0"]
[WhiteCountry "INT"]
[BlackCountry "ENG"]
[WhiteElo "1995"]
[WhiteRD "72"]
[BlackElo "1501"]
[BlackRD "56"]
[GameID "714938"]

1. c3 Nf6 2. c4 e5 3. Nc3 d5 4. d3 Bb4 5. a3 Bxc3+ 6. bxc3 dxc4 7. Qa4+ c6 8. Qxc4 Be6 9. Qb4 Qc7 10. Rb1 b5
11. a4 Na6 12. Qa3 bxa4 13. Nf3 Nd5 14. e3 Nb6 15. d4 Qb7 16. Nxe5 f6 17. Nxc6 Qxc6 18. Bb5 Qxb5 19. Rxb5 Bc4 20. Ra5 Kf7
21. e4 Rhe8 22. f3 Nb8 23. Qd6 Nc8 24. Qc7+ Kg6 25. Qxc4 Nb6 26. Qc5 h6 27. Qh5+ Kh7 28. Qxe8 N8d7 29. Qe6 a6 30. c4 Ra7
31. c5 Na8 32. Rxa6 Nf8 33. Qf5+ Kh8 34. Rxa7
1-0

[Event "JI GADIJ"]
[Site "SchemingMind.com"]
[Date "2021.09.04"]
[Round "-"]
[White "carra1971"]
[Black "Arnold Jones"]
[Result "1-0"]
[WhiteCountry "CUB"]
[BlackCountry "ENG"]
[WhiteElo "2140"]
[WhiteRD "94"]
[BlackElo "1524"]
[BlackRD "58"]
[GameID "714939"]

1. d4 d5 2. c4 dxc4 3. Nc3 e6 4. e4 b5 5. Nxb5 c6 6. Nc3 Ba6 7. Nf3 Bb4 8. Be2 Ne7 9. O-O Nd7 10. Na4 O-O
11. a3 Ba5 12. Qc2 Nf6 13. Nc5 Bb5 14. a4 Qb6 15. axb5 cxb5 16. b3 c3 17. e5 Ned5 18. exf6 Nb4 19. Qe4 g6 20. Qh4 Qd8
21. Ne4 Nd5 22. Rxa5 Nxf6 23. Nxf6+ Qxf6 24. Qxf6
1-0

[Event "JI GADIJ"]
[Site "SchemingMind.com"]
[Date "2021.09.03"]
[Round "-"]
[White "carra1971"]
[Black "Kenny Elliott"]
[Result "1-0"]
[WhiteCountry "CUB"]
[BlackCountry "USA"]
[WhiteElo "2140"]
[WhiteRD "94"]
[BlackElo "1507"]
[BlackRD "70"]
[GameID "714940"]

1. e4 c5 2. Nf3 d6 3. d4 Nf6 4. Nc3 cxd4 5. Nxd4 e5 6. Nb3 Be7 7. Be2 O-O 8. O-O Be6 9. Re1 Bxb3 10. axb3 Nc6
11. Bc4 a6 12. Nd5 Nxd5 13. Bxd5 Qc7 14. c3 Bf6 15. b4 Kh8 16. Be3 Rab8 17. Qb3 Qe7 18. Bxc6 bxc6 19. Rxa6 c5 20. Rd1 Rb7
21. b5 Rfb8 22. c4 Rb6 23. Rxb6 Rxb6 24. Qd3 Kg8 25. b4 h6 26. bxc5 dxc5 27. Qd5 Re6 28. Bxc5 Qe8 29. b6 Be7 30. b7 Bxc5
31. Qxc5 Rc6 32. b8=Q Qxb8 33. Qxc6 Qb3 34. Qc8+ Kh7 35. Qf5+ g6 36. Qxf7+ Kh8 37. Rd8#
1-0